000 005260000a22001930004500
999 _c48991
_d48991
001 1837
003 CO-MdFUSB
005 20181024144524.0
008 181024b xxu||||| |||| 00| 0 eng d
020 _a0-590-44778-5
040 _cCO-MdBIC
082 0 4 _a813C C13p
100 1 _aCalmenson, Stephanie
245 1 0 _aThe principal“s new clothes / Stephanie Calmenson ; ilustraciones Denise Brunkus
260 _aUSA : Scholastic. INC.
300 _a(38 P.)
650 1 4 _aCuentos infantiles estadounidenses
942 _cLGB